Online
Catalog

Trueno robado / (Record no. 53214)

MARC details
000 -CABECERA
campo de control de longitud fija 01432nam a2200349 i 4500
003 - IDENTIFICADOR DEL NÚMERO DE CONTROL
campo de control DO-SdBNP
005 - FECHA Y HORA DE LA ÚLTIMA TRANSACCIÓN
campo de control 20240228130358.0
007 - CAMPO FIJO DE DESCRIPCIÓN FÍSICA--INFORMACIÓN GENERAL
campo de control de longitud fija ta
008 - DATOS DE LONGITUD FIJA--INFORMACIÓN GENERAL
campo de control de longitud fija 230412e2013 dr ao||er|||| 000 pdspa d
020 ## - NÚMERO INTERNACIONAL ESTÁNDAR DEL LIBRO
Número Internacional Estándar del Libro 9789945009286
040 ## - FUENTE DE LA CATALOGACIÓN
Centro catalogador/agencia de origen DO-SdBNP
Lengua de catalogación spa
Centro/agencia transcriptor BNPHU
Normas de descripción rda
082 #4 - NÚMERO DE LA CLASIFICACIÓN DECIMAL DEWEY
Número de edición 22
Número de documento/Ítem G633t
100 1# - ENTRADA PRINCIPAL--NOMBRE DE PERSONA
Nombre de persona Gómez Rosa, Alexis,
Fechas asociadas al nombre 1950-
Término indicativo de función/relación autor
9 (RLIN) 23501
245 10 - MENCIÓN DE TÍTULO
Título Trueno robado /
Resto del título (haikus y otras japonerías)
Mención de responsabilidad, etc. Alexis Gómez-Rosa ; traducción, Mayuni Hidaka ; Fotos, Alexis Méndez, Augusto Valdivia, Milton González ; pintura, Sarah Patricia Castillo ; diagramación y arte final, Melissa Moquete Smith.
264 #1 - PRODUCCIÓN, PUBLICACIÓN, DISTRIBUCIÓN, FABRICACIÓN Y COPYRIGHT
Producción, publicación, distribución, fabricación y copyright Santo Domingo :
Nombre del de productor, editor, distribuidor, fabricante Gente,
Fecha de producción, publicación, distribución, fabricación o copyright 2013
300 ## - DESCRIPCIÓN FÍSICA
Extensión 131 páginas :
Otras características físicas Ilustraciones, fotografías, pinturas,
Dimensiones 17 cm.
336 ## - TIPO DE CONTENIDO
Fuente rdacontent
Término de tipo de contenido texto
Código de tipo de contenido txt
337 ## - TIPO DE MEDIO
Fuente rdamedia
Nombre/término del tipo de medio sin mediación
Código del tipo de medio n
338 ## - TIPO DE SOPORTE
Fuente rdacarrier
Nombre/término del tipo de soporte volumen
Código del tipo de soporte nc
500 ## - NOTA GENERAL
Nota general Incluye datos biográficos del autor en las solapas
546 ## - NOTA DE LENGUA/LENGUAJE
Nota de lengua/lenguaje Libro en dos idiomas: idioma español, idioma japonés.
590 ## - NOTA LOCAL (RLIN)
Nota local Inventariado 2023 /BT
700 1# - PUNTO DE ACCESO ADICIONAL--NOMBRE DE PERSONA
Nombre de persona Hidaka, Mayumi,
Término indicativo de función/relación traductor
9 (RLIN) 73015
700 1# - PUNTO DE ACCESO ADICIONAL--NOMBRE DE PERSONA
9 (RLIN) 43326
Nombre de persona Méndez, Alexis,
Término indicativo de función/relación fotos
700 1# - PUNTO DE ACCESO ADICIONAL--NOMBRE DE PERSONA
Nombre de persona Valdivia, Augusto,
Término indicativo de función/relación fotos
9 (RLIN) 83243
700 1# - PUNTO DE ACCESO ADICIONAL--NOMBRE DE PERSONA
Nombre de persona González, Milton,
Término indicativo de función/relación fotos
9 (RLIN) 83244
700 1# - PUNTO DE ACCESO ADICIONAL--NOMBRE DE PERSONA
9 (RLIN) 25720
Nombre de persona Molinaza, José,
Término indicativo de función/relación foto autor
700 1# - PUNTO DE ACCESO ADICIONAL--NOMBRE DE PERSONA
Nombre de persona Catillo, Sarah Patricia,
Término indicativo de función/relación pinturas
9 (RLIN) 83245
700 1# - PUNTO DE ACCESO ADICIONAL--NOMBRE DE PERSONA
Nombre de persona Moquete Smith, Melissa,
Término indicativo de función/relación diagramador
9 (RLIN) 83246
910 ## - DATOS DE OPCIÓN DEL USUARIO (OCLC)
Datos de opción del usuario Btavárez
942 ## - ELEMENTOS DE PUNTO DE ACCESO ADICIONAL (KOHA)
Fuente del sistema de clasificación o colocación Dewey Decimal Classification
Tipo de ítem Koha Libro
Holdings
Estado de retiro Estado de pérdida Fuente del sistema de clasificación o colocación Restricciones de uso No para préstamo Código de colección Localización permanente Ubicación/localización actual Ubicación en estantería Fecha de adquisición Fuente de adquisición Signatura topográfica completa Código de barras Fecha visto por última vez Precio válido a partir de Tipo de ítem Koha Total de préstamos Número de copia Nota pública
    Dewey Decimal Classification Excluido de préstamo   Patrimonio Dominicano Biblioteca Nacional Pedro Henríquez Ureña Biblioteca Nacional Pedro Henríquez Ureña En catalogación 12.04.2022 Donado por Víctor Hugo BNPHU PD G633t 2023-1332 12.04.2023 12.04.2023 Libro      
    Dewey Decimal Classification Excluido de préstamo   Patrimonio Dominicano Biblioteca Nacional Pedro Henríquez Ureña Biblioteca Nacional Pedro Henríquez Ureña En catalogación 23.06.2023 Donado por Nieves L. Emeterio R. BNPHU PD G633t 2023-2727 23.06.2023 23.06.2023 Libro   e.2  
    Dewey Decimal Classification Préstamo en sala   Dominicana de Servicio Biblioteca Nacional Pedro Henríquez Ureña Biblioteca Nacional Pedro Henríquez Ureña En catalogación 13.02.2024 Donado por CERTV BNPHU DS G633t 2024-1062 13.02.2024 13.02.2024 Libro   e.3  
    Dewey Decimal Classification Préstamo en sala   Dominicana de Servicio Biblioteca Nacional Pedro Henríquez Ureña Biblioteca Nacional Pedro Henríquez Ureña Depósito 06.04.2026 Donación BNPHU DS G633t 2026-2493 06.04.2026 06.04.2026 Libro   e.4 Monica Despradel

Powered by Koha